Lịch sử triết học

Na minha lista:
Detalhes bibliográficos
Autor principal: Nguyễn Hữu Vui
Formato: Livro
Idioma:Undetermined
Publicado em: H. CTQG
Assuntos:
Tags: Adicionar Tag
Sem tags, seja o primeiro a adicionar uma tag!
Thư viện lưu trữ: Trung tâm Học liệu Trường Đại học Cần Thơ
LEADER 00483nam a2200193Ia 4500
001 CTU_53877
008 210402s9999 xx 000 0 und d
020 |b 50000 
082 |a 109 
082 |b V510 
100 |a Nguyễn Hữu Vui 
245 0 |a Lịch sử triết học 
245 0 |c Nguyễn Hữu Vui 
260 |a H. 
260 |b CTQG 
650 |a philosophy 
650 |x history 
904 |i Minh 
980 |a Trung tâm Học liệu Trường Đại học Cần Thơ